000
00314nam a2200109Ia 4500
008
200302s9999 xx 000 0 und d
100
_a
Randall Whitehead
245
_a
Residential lighting A Practical guide to beautiful and sustainable design
260
_b
John Willey and Sons Inc.
260
_c
2009
300
_a
254
999
_c
6772
_d
6772